书目信息 |
| 题名: |
科技引领中原崛起
|
|
| 作者: | 安平 , 李建中 主编 | |
| 分册: | ||
| 出版信息: | 北京 中国科学技术出版社 2008.09 |
|
| 页数: | 491页 | |
| 开本: | 28cm | |
| 丛书名: | ||
| 单 册: | ||
| 中图分类: | G322.761-53 | |
| 科图分类: | ||
| 主题词: | 科学研究事业--世界 | |
| 电子资源: | ||
| ISBN: | 7-5046-4897-3 | |
| 000 | 00835nam0 2200217 450 | |
| 001 | 0944979235 | |
| 005 | 20091203123213.37 | |
| 010 | @a7-5046-4897-3@dCNY88.00 | |
| 100 | @a20091203d2008 km y0chiy0120 ea | |
| 101 | 0 | @achi |
| 102 | @aCN@b110000 | |
| 200 | 1 | @a科技引领中原崛起@Ake ji yin ling zhong yuan jue qi@e第十届中国科协年会专题论坛优秀论文选集@f安平 ,李建中主编@Fan ping,li jian zhong zhu bian |
| 210 | @a北京@c中国科学技术出版社@d2008.09 | |
| 215 | @a491页@d28cm | |
| 517 | 1 | @a第十届中国科协年会专题论坛优秀论文选集@Adi shi jie zhong guo ke xie nian hui zhuan ti lun tan you xiu lun wen xuan ji |
| 606 | 0 | @a科学研究事业@x世界 |
| 690 | @aG322.761-53@v4 | |
| 701 | 0 | @a安平@Aan ping@4主编 |
| 701 | 0 | @a李建中@Ali jian zhong@4主编 |
| 801 | 0 | @aCN@b大连网信软件有限公司图书馆·11@c20091203 |
| 905 | @aZUCC@dG322.761-53@eA676 | |
| 科技引领中原崛起:第十届中国科协年会专题论坛优秀论文选集/安平 ,李建中主编.-北京:中国科学技术出版社,2008.09 |
| 491页;28cm |
| ISBN 7-5046-4897-3:CNY88.00 |
| ● |
| 相关链接 |
|
|
|
正题名:科技引领中原崛起
索取号:G322.761-53/A676
 
预约/预借
| 序号 | 登录号 | 条形码 | 馆藏地/架位号 | 状态 | 备注 |
| 1 | 469630 | 204696301 | 社科库409/409社科库 120排3列3层/ [索取号:G322.761-53/A676] | 在馆 |